Aktuálne problémy zavádzania novej daňovej sústavy do praxe

Problémy zavádzania novej daňovej sústavy do praxe. Bariéry zavádzania: daňová nevedomosť, rozdelenie ČSFR, novelizácia zákonov a ich účelovosť, opatrenia nezaregistrované v zbierke zákonov, nejednotnosť výkladu.

Na minha lista:
Detalhes bibliográficos
Autor principal: Minársky, Ján
Formato: Capítulo de Livro
Idioma:eslovaco
Assuntos:
Tags: Adicionar Tag
Sem tags, seja o primeiro a adicionar uma tag!

MARC

LEADER 00000naa a2200000 4500
001 r027992
005 20230925122150.6
041 0 |a slo 
044 |a SK 
245 1 0 |a Aktuálne problémy zavádzania novej daňovej sústavy do praxe  |c Ján Minársky 
520 |a Problémy zavádzania novej daňovej sústavy do praxe. Bariéry zavádzania: daňová nevedomosť, rozdelenie ČSFR, novelizácia zákonov a ich účelovosť, opatrenia nezaregistrované v zbierke zákonov, nejednotnosť výkladu. 
610 2 0 |a dane 
610 2 0 |a sústava daňová 
610 2 0 |a teória a prax 
100 1 |a Minársky, Ján